|
วิทยาลัยพยาบาลบรมราชชนนี ยะลา |
|
แสดงรายละเอียดบรรณานุกรม |
|
|
Brief Record
: Get Marc (ISO 2709)
: E-mail record
: |
|
|
|
| LEADER 00000nam 2200000uu 4500 | |||
| 001 3836 | |||
| 003 ULIBM | |||
| 008 260409s2567||||th 000 0 tha d | |||
| 020 ^a9786164263574 | |||
| 050 4 ^aLB2369^bว321ท | |||
| 100 0 ^aวรารัชต์ มหามนตรี | |||
| 245 10 ^aเทคนิคการสรุปบทความ=^bSummarizing Techniques/^cวรารัชต์ มหามนตรี | |||
| 246 00 ^aSummarizing Techniques | |||
| 250 ^aพิมพ์ครั้งที่ 4 | |||
| 260 ^aพิษณุโลก :^bสำนักพิมพ์มหาวิทยาลัยนเรศวร,^c2567. | |||
| 300 ^a277หน้า :^bภาพประกอบ;^c21 ซม. | |||
| 650 7 ^aการเขียนรายงาน | |||
| 650 7 ^aการเขียนทางวิชาการ | |||
| 999 ^aฮัซวานี | |||
| คุณยังไม่ได้ล็อกอิน คุณสามารถมีกิจกรรมร่วมกับเว็บไซต์ได้ แต่ต้องล็อกอินก่อน :: |
|
| สถานะ | |||||||||
| 1. | หนังสือทั่วไป | LB2369 ว321ท 2567 ฉ.1 | ►หนังสือทั่วไปภาษาไทย | On Shelf | |||||
| 2. | หนังสือทั่วไป | LB2369 ว321ท 2567 ฉ.2 | ►หนังสือทั่วไปภาษาไทย | On Shelf | |||||
| 3. | หนังสือทั่วไป | LB2369 ว321ท 2567 ฉ.3 | ►หนังสือทั่วไปภาษาไทย | On Shelf | |||||
| 4. | หนังสือทั่วไป | LB2369 ว321ท 2567 ฉ.4 | ►หนังสือทั่วไปภาษาไทย | On Shelf | |||||
| 5. | หนังสือทั่วไป | LB2369 ว321ท 2567 ฉ.5 | ►หนังสือทั่วไปภาษาไทย | On Shelf | |||||
| [แสดง 5/5 รายการ] | |||||||||
| รายการใกล้เคียง หัวเรื่อง [การเขียนรายงาน] หัวเรื่อง [การเขียนทางวิชาการ]
|
BibComment |
| คอมเมนท์ทรัพยากรรายการนี้ |
|
|